|
|
|
|
| LEADER |
00000nam a22000007a 4500 |
| 005 |
20190827215555.0 |
| 007 |
cr|||| |||| |
| 008 |
190827s2013 pe |||||s|||| 00||0 spa d |
| 020 |
|
|
|a 978-612-4047-88-6
|
| 035 |
|
|
|a 24215
|
| 040 |
|
|
|a vLex
|
| 090 |
|
|
|c 9291
|d 9291
|
| 100 |
1 |
|
|a Mattei, Ugo
|
| 245 |
1 |
0 |
|a Saqueo
|h [Recurso electrn̤ico] :
|b Cuando el estado de derecho es ilegal /
|c Ugo Mattei, Laura Nader
|
| 256 |
|
|
|a Servicio en ln̕ea
|
| 260 |
|
|
|a Lima:
|b Palestra Editores,
|c 2013
|
| 300 |
|
|
|a 1 recurso electrn̤ico
|
| 506 |
1 |
|
|a Disponible solo en los productos indicados
|d vLex Global
|d vLex Global (Academic Edition, excluding Law Schools)
|d vLex Global (U.S. Academic Edition, Law Schools)
|d vLex Global (U.S. Academic Edition, excluding Law Schools)
|d vLex Global (Academic Edition, Law Schools)
|
| 650 |
0 |
4 |
|a Derecho Constitucional
|z Per︢
|
| 700 |
1 |
|
|a Nader, Laura
|
| 740 |
0 |
|
|a vLex Libros (Servicio en ln̕ea)
|
| 856 |
4 |
0 |
|u http://vlex.com/source/saqueo-estado-derecho-es-ilegal-24215
|z Acceso restringido
|
| 942 |
|
|
|c BOOK
|
| 999 |
0 |
|
|a Constitutional right
|